| Tag |
First Indicator |
Second Indicator |
Subfields |
| LEADER |
00000cam a2200000 a 4500 |
| 001 |
in00002416621 |
| 005 |
20151109122141.0 |
| 008 |
080721s2008 nyu 001 0 eng c |
| 010 |
|
|
|a 2008930589
|
| 020 |
|
|
|a 9780374166854
|
| 020 |
|
|
|a 0374166854
|
| 035 |
|
|
|a (OCoLC)ocn234316165
|
| 040 |
|
|
|a UPZ
|c UPZ
|d ABG
|d ZJI
|d AFQ
|d LMR
|d TXA
|d UtOrBLW
|
| 043 |
|
|
|a n-us---
|
| 049 |
|
|
|a TXAM
|
| 082 |
0 |
|
|a 363.7/0525/0973
|2 22
|
| 090 |
|
|
|a GE197
|b .F76 2008
|
| 100 |
1 |
|
|a Friedman, Thomas L.
|
| 245 |
1 |
0 |
|a Hot, flat, and crowded :
|b why we need a green revolution-- and how it can renew America /
|c Thomas L. Friedman.
|
| 250 |
|
|
|a 1st ed.
|
| 264 |
|
1 |
|a New York :
|b Farrar, Straus and Giroux,
|c [2008]
|
| 264 |
|
4 |
|c ©2008
|
| 300 |
|
|
|a 438 pages ;
|c 24 cm.
|
| 336 |
|
|
|a text
|b txt
|2 rdacontent
|
| 337 |
|
|
|a unmediated
|b n
|2 rdamedia
|
| 338 |
|
|
|a volume
|b nc
|2 rdacarrier
|
| 500 |
|
|
|a Includes index.
|
| 505 |
0 |
|
|a I. WHERE WE ARE. Where birds don't fly -- Today's date: 1 E.C.E. Today's weather: hot, flat, and crowded -- II. HOW WE GOT HERE. Our carbon copies (or, too many Americans) -- Fill 'er up with dictators -- Global weirding -- The age of Noah -- Energy poverty -- Green is the new red, white, and blue -- III. HOW WE MOVE FORWARD. 205 easy ways to save the earth -- The energy internet: when IT meets ET -- The Stone Age didn't end because we ran out of stones -- If it isn't boring, it isn't green -- A million Noahs, a million arks -- Outgreening al-Qaeda (or, buy one, get four free) -- IV. CHINA. Can red China become green China? -- V. AMERICA. China for a day (but not for two) -- A democratic China, or a banana republic?
|
| 650 |
|
0 |
|a Green movement
|z United States.
|
| 651 |
|
0 |
|a United States
|x Social conditions
|y 1980-
|
| 651 |
|
0 |
|a United States
|x Environmental conditions.
|
| 948 |
|
|
|a cataloged
|b h
|c 2008/9/29
|d c
|e dmitchel
|f 8:44:16 am
|
| 994 |
|
|
|a C0
|b TXA
|
| 999 |
|
|
|a MARS
|
| 999 |
f |
f |
|s e64819d8-2c15-3620-9f3e-664f5ffef5b5
|i a56b9182-3a76-3504-bf89-a31103c0c810
|t 0
|
| 952 |
f |
f |
|p normal
|a Texas A&M University
|b College Station
|c Sterling C. Evans Library
|s Evans stk
|d Evans: Library Stacks
|t 0
|e GE197 .F76 2008
|h Library of Congress classification
|i unmediated -- volume
|m A14836753824
|
| 998 |
f |
f |
|a GE197 .F76 2008
|t 0
|l Evans: Library Stacks
|